000
00307nam a2200133Ia 4500
005
20251222142016.0
008
251222s9999||||xx |||||||||||||| ||spa||
020
_a
84-8332-303-6
082
_a
791.430.9/M43
100
_a
Mérida de San Román, Pablo
245
0
_a
El Cine
264
_b
S.L.
942
_c
LIB
999
_c
10497
_d
10497